| 000 | 00607npc a2200217Ia 4500 | ||
|---|---|---|---|
| 001 | db13-36824 | ||
| 003 | IT-MiCISF | ||
| 005 | 20251201142643.0 | ||
| 008 | 161014s9999||||xx | und|| | ||
| 040 |
_aIT-MiCISF _cIT-MiCISF |
||
| 041 | _ait | ||
| 100 |
_aBarocchi Lucia _962809 |
||
| 245 | 0 | _aLa vita umana: prima meraviglia! | |
| 260 |
_bCentro Ambrosiano Aiuto alla Vita; FederVita Lombardia, _c2002, _aMilano, |
||
| 300 | _app. 31 | ||
| 500 | _a / procreazione, periodo-perinatale, nascita / | ||
| 650 | _aprocreazione | ||
| 654 | _adivulgazione | ||
| 942 |
_cDD _2ddc |
||
| 999 |
_c208482 _d208482 |
||
| 999 | _bsi | ||